2016 Movies by Poster Quiz Stats

 Plays Quiz Updated Jul 10, 2017

Support Sporcle.
Go Orange.
Score 0/20 Timer 05:00
1 Play Today
% Correct
Deadpool
92.9%
Batman v Superman: Dawn of Justice
91%
Finding Dory
90.2%
Suicide Squad
88.7%
Doctor Strange
80.5%
Fantastic Beasts and Where to Find Them
78%
Rogue One: A Star Wars Story
73.1%
Sully
68.7%
Passengers
67.6%
Arrival
60.4%
% Correct
The Jungle Book
58.6%
Jason Bourne
58%
Assassin's Creed
54.9%
Hacksaw Ridge
52.6%
Manchester by the Sea
51.7%
Fences
49.3%
Underworld: Blood Wars
32%
Silence
24.9%
Nocturnal Animals
24.7%
Allied
21.5%

You're not logged in!

Compare scores with friends on all Sporcle quizzes.
OR
Log In
Forgot?
Remove Ads.
Support Sporcle.
Get the best of Sporcle when you Go Orange. This ad-free experience offers more features, more stats, and more fun while also helping to support Sporcle. Thank you for becoming a member.

Show Comments

Extras

Top Quizzes Today


Score Distribution

Your Account Isn't Verified!

In order to create a playlist on Sporcle, you need to verify the email address you used during registration. Go to your Sporcle Settings to finish the process.

Report this User

Report this user for behavior that violates our Community Guidelines.

Details: